EPIC The Musical : Just a Man - Statistiques

Statistiques générales
  • Ce quiz a été pris 242 fois
  • Le résultat moyen est 165 sur 182
Statistiques - réponses
Hint Réponse % Correct
| Odysseus I
99%
a
98%
when
97%
| Choir When
97%
and
96%
for
96%
man
96%
me
96%
son
96%
the
96%
you?
96%
become
95%
monster?
95%
comet
94%
does
94%
eyes
94%
into
94%
just
94%
to
94%
your
94%
I'm
93%
look
93%
meteor?
93%
of
93%
go
92%
home
92%
But
91%
life
91%
mine
91%
my
91%
war
91%
who's
91%
see
90%
trying
90%
wife
90%
back
89%
blame?
89%
fighting
89%
Odysseus Forgive
89%
his
89%
all
88%
blaze?
88%
candle
88%
think
88%
hurt
87%
left
87%
wave?
86%
after
85%
Close
85%
could
85%
How
85%
I've
85%
reason
84%
years
84%
Even
83%
from
83%
he
83%
what
83%
as
82%
away
82%
Every
82%
old
81%
was
81%
known
79%
view
79%
yourself
79%
Deep
78%
pay
78%
world
77%
You're
77%
price
76%
ripple
76%
spare
76%
down
75%
Is
75%
would
75%
days?
73%
trade
73%
pain?
70%
actions
68%
haunt
68%
endless
66%
tidal
66%
Will
64%
these
63%
slain
56%
Aucun quiz correspondant
Distribution des résultats
% des personnes avec chaque résultat
Percentile par nombre de réponses
Votre historique - résultats
Vous n’avez pas pris ce quiz